000 00529nam a2200169 4500
999 _c171368
_d171368
005 20200110151755.0
010 _aENG-127312
020 _a9789388322027
_c399.00
035 _aEN-110844
037 _bDBAD/PUB
082 _aS
245 _aMagical Women :
_cedited by Sukanya Vankatraghavan
_b /
260 _aGurugram
_bHachette book Publishing
_c2019
270 _aHachette book Publishing India 4th &5th floors, Corporate centre
_bDaryaganj, New Delhi
_e110002
300 _a217p.
_c20cm(pbk)
942 _2ddc
_cEN
_hS
_mMAG